000 00689nam a22002057a 4500
999 _c8941
_d8941
003 AR-CdUCM
008 190327b ||||| |||| 00| 0 spa d
040 _aMUNICIPALIDAD PROVINCIAL DEL CUSCO
_cBIBLIOTECA MUNICIPAL DEL CUSCO
082 _a869.56 /
_bR94
100 _aRosas Ruiz, Jose
_924825
245 _aRetorno a Tiempos :
_bUrbe /
260 _aArequipa :
_bEdiciones Homo ,
_c1968.
300 _a63 páginas ;
_c17.3 cm.
500 _aContiene dedicatoria de puño y letra del mismo autor del libro digirido a Luis Nieto
650 _aPoesia Arequipeña
_924826
650 _aPoesia Peruana
_9280
650 _aPoesia Latinoamericana
_92147
942 _2ddc
_cLIBROS
945 _artm